000 01232nam a2200265Ia 4500
999 _c40936
_d40936
001 7583
003 GE_BSU
005 20231228120309.0
008 181216s2013||||ge |||||||||||||| ||geo||
020 _a9789941434488
040 _cGE_BSU
041 _ageo
080 _a665.7(076.5) ნ-69
100 _aნიჟარაძე, ე.
_91822
245 _aნავთობის ქიმიის პრაქტიკუმი :
_bდამხმ.სახელმძღვ. /
_cე. ნიჟარაძე, დ.ჩხაიძე, ზ. მეგრელიშვილი ; რედ. ნინო მხეიძე.
264 _aბათუმი :
_bშოთა რუსთაველის სახ.უნ-ტი,გამ-ბა და სტ.,
_c2013.
300 _a175 გვ. ;
_c20 სმ.
_eცხრილები
504 _aბიბლიოგრაფია : გვ. 173-174
541 _h6ლ.90თ.
653 _aნავთობის ქიმიის პრაქტიკუმი
653 _aქიმია
700 _aჩხაიძე, დ.
_eავტორი
_91824
700 _aმეგრელიშვილი, ზ.
_eავტორი
_92683
942 _cBK
_2udc